| Tag |
First Indicator |
Second Indicator |
Subfields |
| LEADER |
00000pam a2200000 a 4500 |
| 001 |
in00000418021 |
| 005 |
20151012053720.0 |
| 008 |
860324s1985 dcua b f10010 eng |
| 010 |
|
|
|a 86008359
|
| 020 |
|
|
|a 0309039584 (pbk.)
|
| 035 |
|
|
|a (OCoLC)13395686
|
| 035 |
|
|
|9 ABU5326AM
|
| 039 |
0 |
|
|a 2
|b 3
|c 3
|d 3
|e 3
|
| 040 |
|
|
|a DLC
|c DLC
|d TXA
|d UtOrBLW
|
| 049 |
|
|
|a TXAM
|c [A09429012]
|
| 050 |
0 |
0 |
|a TE7
|b .H5 no. 1042
|a TF530
|
| 082 |
0 |
|
|a 625.1/7/068
|2 19
|
| 111 |
2 |
|
|a Railroad Maintenance Workshop
|n (2nd :
|d 1985 :
|c Amherst, Mass.)
|
| 245 |
1 |
0 |
|a Second Railroad Maintenance Workshop.
|
| 264 |
|
1 |
|a Washington, D.C. :
|b Transportation Research Board, National Research Council,
|c 1985.
|
| 300 |
|
|
|a vi, 32 pages :
|b illustrations ;
|c 28 cm.
|
| 336 |
|
|
|a text
|b txt
|2 rdacontent
|
| 337 |
|
|
|a unmediated
|b n
|2 rdamedia
|
| 338 |
|
|
|a volume
|b nc
|2 rdacarrier
|
| 490 |
1 |
|
|a Transportation research record ;
|v 1042
|
| 504 |
|
|
|a Includes bibliographies.
|
| 650 |
|
0 |
|a Railroads
|x Maintenance and repair
|x Congresses.
|
| 710 |
2 |
|
|a National Research Council (U.S.).
|b Transportation Research Board.
|
| 830 |
|
0 |
|a Transportation research record ;
|v 1042.
|
| 999 |
|
|
|a MARS
|
| 999 |
f |
f |
|s 8c5dc03b-6444-39d0-bc5a-f625e804b469
|i 658402de-35de-3be5-951e-f3bb08efa207
|t 0
|
| 952 |
f |
f |
|p default
|a Texas A&M University
|b College Station
|c Sterling C. Evans Library
|d Evans: Microforms (3rd floor)
|t 0
|e fiche S 745 no.1042
|h Other scheme
|i unmediated -- volume
|
| 998 |
f |
f |
|a fiche S 745 no.1042
|t 0
|l Evans: Microforms (3rd floor)
|